Pays les plus proches de la Guinée - Sprint d'une minute - Statistiques

Statistiques générales
  • Ce quiz a été pris 66 fois
  • Le résultat moyen est 14 sur 20
Statistiques - réponses
km pays % Correct
0 Sénégal
93%
0 Mali
92%
0 Côte d'Ivoire
88%
0 Liberia
86%
0 Guinée-Bissau
85%
0 Sierra Leone
83%
875 Togo
81%
74 Gambie
80%
280 Mauritanie
78%
1001 Niger
78%
947 Bénin
76%
540 Ghana
75%
1657 Maroc
75%
267 Burkina Faso
69%
1409 Algérie
66%
1137 Nigeria
61%
1831 Cameroun
54%
996 Cabo Verde
49%
1684 Espagne
12%
965 Sahara occidental
10%
Aucun quiz correspondant
Distribution des résultats
% des personnes avec chaque résultat
Percentile par nombre de réponses
Votre historique - résultats
Vous n’avez pas pris ce quiz